| 000 | 00587nam a2200217Ia 4500 | ||
|---|---|---|---|
| 005 | 20241129104256.0 | ||
| 008 | 241129s9999||||xx |||||||||||||| ||und|| | ||
| 020 | _a9780815740322 | ||
| 037 | _aTextual | ||
| 040 |
_aRTL _beng _cRTL |
||
| 041 |
_aeng _2eng |
||
| 084 |
_aY53.1 R4 _qRTL |
||
| 100 | _aKharas Homi | ||
| 245 | 0 |
_aRise of the global middle class _cKharas Homi |
|
| 260 |
_aWashington D.C _bBrookings Institution press _c2024 |
||
| 300 | _av,203p. | ||
| 365 | _bRs.2337.72 | ||
| 650 | _aHistory | ||
| 942 |
_cTB _hY53.1 R4 |
||
| 999 |
_c1225179 _d1225179 |
||